Tārīkh al-funūn al-Islāmīyah al-daqīqah = History of Islamic fine arts
محفوظ في:
المؤلف الرئيسي:
التنسيق: كتاب
اللغة: Undetermined
منشور في:
Abu Dhabi :
Dār al-Suwaydī,
2002.
الموضوعات:
الوسوم: إضافة وسم
لا توجد وسوم, كن أول من يضع وسما على هذه التسجيلة!
رقم الطلب: N6260 .K48
| LEADER | 00622nam a2200181Ia 4500 | ||
|---|---|---|---|
| 008 | 240329s9999||||xx |||||||||||||| ||und|| | ||
| 050 | 4 | |a N6260 .K48 | |
| 100 | 1 | |a Maḥmūd Yūsuf Khiḍr. | |
| 245 | 1 | 0 | |a Tārīkh al-funūn al-Islāmīyah al-daqīqah = History of Islamic fine arts |c Maḥmūd Yūsuf Khiḍr |
| 246 | 1 | 3 | |a تاريخ الفنون الاسلامية |
| 264 | 1 | |a Abu Dhabi : |b Dār al-Suwaydī, |c 2002. | |
| 300 | |a 236 |b color illustrations |c 30 | ||
| 650 | |a Art islamique Histoire | ||
| 650 | |a Arts islamiques Histoire | ||
| 650 | |a Islamic art | ||
| 650 | |a Islamic art History | ||
| 942 | |2 lcc |c BK | ||
| 999 | |c 57887 |d 57887 | ||
